000
00331nam a22001337a 4500
008
180118b xxu||||| |||| 00| 0 eng d
020
_a
9780763744069
041
_a
eng
080
_a
61
100
_a
3
101
_a
shm
245
_a
EMERGENCY CARE AND TRANSPORTATION OF THE SICKAND INJURED
_c
POLLAK.A.N
942
_2
udc
_c
BK
999
_c
40441
_d
40441